LEADER 01022nam a2200277 i 4500 001 991003077069707536 005 20020509111741.0 008 000214s1998 ||| ||| | eng 020 $a0138234698 035 $ab11105252-39ule_inst 035 $aPARLA174657$9ExL 040 $aDip.to Scienze pedagogiche$bita 082 0 $a004.35 100 1 $aFox, Geoffrey C.$055685 245 10$aGeneral techniques and regular problems /$cGeoffrey C. Fox 260 $aEnglewood Cliffs, N.J. :$bPrentice Hall,$c1998 300 $a592 p. :$bill. ;$c24 cm. 490 0 $aSolving problems on concurrent processors ;$v1 650 4$aInformatica 650 4$aMultimedialitą - Tecnologia educativa 907 $a.b11105252$b23-02-17$c28-06-02 912 $a991003077069707536 945 $aLE022 004 FOX01.01$g1$i2022000010337$lle022$o-$pE0.00$q-$rl$s- $t0$u1$v0$w1$x0$y.i11239918$z28-06-02 996 $aGeneral techniques and regular problems$9857668 997 $aUNISALENTO 998 $ale022$b01-01-00$cm$da $e-$feng$gxx $h0$i1 LEADER 01800nam 2200397Ia 450 001 996394074303316 005 20221108065212.0 035 $a(CKB)4940000000114579 035 $a(EEBO)2240949221 035 $a(UnM)99895455e 035 $a(UnM)99895455 035 $a(EXLCZ)994940000000114579 100 $a19980831d1660 uy | 101 0 $aeng 135 $aurbn||||a|bb| 200 14$aThe common principles of Christian religion. Clearly proved, and singularly improved: or, A practical catechism$b[electronic resource] $ewherein some of the most concerning-foundations of our faith, are solidly laid down: and that doctrine, which is according to godliness, sweetly, yet pungently pressed home, and most satisfyingly handled. By that worthy and faithfull servant of Jesus Christ Mr. Hew Binning, late minister of the Gospel at Goven 205 $aThe second edition, corrected and amended. 210 $a[Edinburgh? $cs.n.]$dPrinted in the year, 1660 215 $a[16], 191, [1] p 300 $aPlace of publication from Wing CD-ROM, 1996. 300 $aReproduction of original in the Dr. Williams' Library, London, England. 330 $aeebo-0037 606 $aCatechisms, English$vEarly works to 1800 606 $aChristianity$xEssence, genius, nature$vEarly works to 1800 606 $aTheology, Doctrinal$vEarly works to 1800 615 0$aCatechisms, English 615 0$aChristianity$xEssence, genius, nature 615 0$aTheology, Doctrinal 700 $aBinning$b Hugh$f1627-1653.$0934045 801 0$bCu-RivES 801 1$bCu-RivES 801 2$bWaOLN 906 $aBOOK 912 $a996394074303316 996 $aThe common principles of Christian religion. Clearly proved, and singularly improved: or, A practical catechism$92343620 997 $aUNISA LEADER 06453nam 22007935 450 001 9910298333303321 005 20251117075804.0 010 $a94-017-9193-7 024 7 $a10.1007/978-94-017-9193-9 035 $a(CKB)3710000000252079 035 $a(EBL)1966758 035 $a(OCoLC)892967375 035 $a(SSID)ssj0001372190 035 $a(PQKBManifestationID)11753109 035 $a(PQKBTitleCode)TC0001372190 035 $a(PQKBWorkID)11301530 035 $a(PQKB)11688307 035 $a(MiAaPQ)EBC1966758 035 $a(DE-He213)978-94-017-9193-9 035 $a(PPN)182092860 035 $a(EXLCZ)993710000000252079 100 $a20141006d2014 u| 0 101 0 $aeng 135 $aur|n|---||||| 181 $ctxt 182 $cc 183 $acr 200 10$aTrapping and the Detection, Control, and Regulation of Tephritid Fruit Flies $eLures, Area-Wide Programs, and Trade Implications /$fedited by Todd Shelly, Nancy Epsky, Eric B. Jang, Jesus Reyes-Flores, Roger Vargas 205 $a1st ed. 2014. 210 1$aDordrecht :$cSpringer Netherlands :$cImprint: Springer,$d2014. 215 $a1 online resource (643 p.) 300 $aDescription based upon print version of record. 311 08$a94-017-9192-9 320 $aIncludes bibliographical references at the end of each chapters and index. 327 $aTABLE OF CONTENTS Short I. INTRODUCTION -- 1.1 Fruit Fly Alphabets -- II. LURES AND TRAPS -- 2.1 Pheromones, Male Lures, and Trapping of Tephritid Fruit Flies -- 2.2 History and Development of Food-Based Attractants -- 2.3 Plant Odors as Fruit Fly Attractants -- 2.4 Interactions between Tephritid Fruit Fly Physiological State and Stimuli from Baits and Traps: Looking for the Pied Piper of Hamelin to Lure Pestiferous Fruit Flies -- III. ECOLOGY AND DETECTION -- 3.1 Trapping to Monitor Tephritid Movement: Results, Best Practice, and Assessment of Alternatives -- 3.2 Fruit Fly Invasion: Historical, Biological, Economic Aspects and Management -- 3.3 Fruit Fly Detection Programs: The Potentials and Limitations of Trap Array -- 3.4 Spatial Analysis of Tephritid Fruit Fly Traps -- 3.5 Using Molecules to Identify the Source of Fruit Fly Invasions -- 3.6 Modeling Trapping of Fruit Flies for Detection, Suppression, or Eradication -- IV. ATTRACT AND KILL -- 4.1 Priorities in Formulation and Activity of Adulticidal Insecticide Bait Sprays for Fruit Flies -- 4.2 Recent Developments and Applications of Bait Stations for Integrated Pest Management of Tephritid Fruit Flies -- 4.3 Male Annihilation: Past, Present, and Future -- 4.4 Mass trapping for fruit fly control -- V. PHYTOSANITARY PROGRAMS AND REGULATIONS -- 5.1 Integrating Tephritid Trapping into Phytosanitary Programs -- 5.2 Trapping Related to Phytosanitary Status and Trade -- VI. CODA -- 6.1 The Complexities of Knowing What It Is You Are Trapping. 330 $aTephritid fruit flies are among the world?s most notorious pests of commercially important fruits and vegetables, and with ever-increasing human and product movement and accelerated global warming, these flies will have an even greater impact in the future. Information gathered through trapping is crucial to understanding their ecology, controlling their populations, and developing international trade agreements. This volume is the first devoted exclusively to trapping tephritid fruit flies and adopts a comprehensive and global approach in describing key empirical and theoretical issues. The book consists of four major sections, which cover lures and traps, ecology and detection, attract-and-kill methods of control, and phytosanitary programs and regulations. Within this broad perspective, the authors focus on a diverse array of basic and applied topics, including the role of pheromones, food-baits, and plant odors as trap lures, dispersion and invasion biology, modeling detection programs, evaluation of bait stations, mass trapping, and male annihilation as control measures, and the role of trapping data in developing trade regulations. Representing 15 countries, the authors bring rich experience to the subject and ably describe current status as well as historical perspective and future direction of the selected topics. Useful manuals exist, but this book offers a much broader, academic, and international perspective to the core principles of tephritid trapping. The book?s audience will include researchers, teachers, animal and plant health administrators, and policy makers. Given the breadth of material covered and the exhaustive citation listing along with the increasing agricultural threat posed by tephritid fruit flies, this book will be an extremely valuable reference on the subject for many years to come.                . 606 $aEntomology 606 $aAgriculture 606 $aEcology 606 $aSustainable development 606 $aAgriculture$xEconomic aspects 606 $aEntomology$3https://scigraph.springernature.com/ontologies/product-market-codes/L25090 606 $aAgriculture$3https://scigraph.springernature.com/ontologies/product-market-codes/L11006 606 $aEcology$3https://scigraph.springernature.com/ontologies/product-market-codes/L19007 606 $aSustainable Development$3https://scigraph.springernature.com/ontologies/product-market-codes/U34000 606 $aAgricultural Economics$3https://scigraph.springernature.com/ontologies/product-market-codes/W47000 615 0$aEntomology. 615 0$aAgriculture. 615 0$aEcology. 615 0$aSustainable development. 615 0$aAgriculture$xEconomic aspects. 615 14$aEntomology. 615 24$aAgriculture. 615 24$aEcology. 615 24$aSustainable Development. 615 24$aAgricultural Economics. 676 $a338.1 676 $a338.927 676 $a570 676 $a577 702 $aShelly$b Todd$4edt$4http://id.loc.gov/vocabulary/relators/edt 702 $aEpsky$b Nancy$4edt$4http://id.loc.gov/vocabulary/relators/edt 702 $aJang$b Eric B.$4edt$4http://id.loc.gov/vocabulary/relators/edt 702 $aReyes-Flores$b Jesus$4edt$4http://id.loc.gov/vocabulary/relators/edt 702 $aVargas$b Roger$4edt$4http://id.loc.gov/vocabulary/relators/edt 906 $aBOOK 912 $a9910298333303321 996 $aTrapping and the Detection, Control, and Regulation of Tephritid Fruit Flies$92544735 997 $aUNINA